Biochemistry/ (Record no. 164523)

MARC details
000 -LEADER
fixed length control field 00644nam a22002177a 4500
005 - DATE AND TIME OF LATEST TRANSACTION
control field 20191217141133.0
008 - FIXED-LENGTH DATA ELEMENTS--GENERAL INFORMATION
fixed length control field 190522b ||||| |||| 00| 0 eng d
020 ## - INTERNATIONAL STANDARD BOOK NUMBER
International Standard Book Number 8180940047
Terms of availability 180.00
035 ## - SYSTEM CONTROL NUMBER
System control number B-168152
037 ## - SOURCE OF ACQUISITION
Source of stock number/acquisition BPPD/PUB
040 ## - CATALOGING SOURCE
Original cataloging agency dpl
Language of cataloging en
050 ## - LIBRARY OF CONGRESS CALL NUMBER
DPL Classification number 574.192
082 ## - DEWEY DECIMAL CLASSIFICATION NUMBER
Classification number 574.192
100 ## - MAIN ENTRY--PERSONAL NAME
Personal name Veerakumari, L
245 ## - TITLE STATEMENT
Title Biochemistry/
Statement of responsibility, etc by L. Veerakumari
260 ## - PUBLICATION, DISTRIBUTION, ETC. (IMPRINT)
Place of publication, distribution, etc Chennai
Name of publisher, distributor, etc MJP Publishers
Date of publication, distribution, etc 2004
270 ## - ADDRESS
Address 47, Nallarhambi Street, Triplicane,
City Chennai
Postal code 6000005
300 ## - PHYSICAL DESCRIPTION
Extent xii, 379p
Dimensions 22cm(pbk)
942 ## - ADDED ENTRY ELEMENTS (KOHA)
Source of classification or shelving scheme Dewey Decimal Classification
Item type English Books
Classification part 574.192
Call number suffix VEE
Holdings
Withdrawn status Lost status Source of classification or shelving scheme Damaged status Not for loan Collection code Home library Current library Date acquired Source of acquisition Cost, normal purchase price Total Checkouts Total Renewals Full call number Barcode Date last seen Copy number Cost, replacement price Koha item type
    Dewey Decimal Classification     Non-fiction R.K.Puram-8 R.K.Puram-8 17/12/2019 BPPD/Purchase 180.00 1 2 574.192 VEE B-168152 27/10/2022 1 180.00 English Books

© Delhi Public Library
Hit Counter
free hit counter